Exploring the Internet / (Record no. 7132)

MARC details
000 -LEADER
fixed length control field 00674cam a2200181 a 4500
020 ## - INTERNATIONAL STANDARD BOOK NUMBER
ISBN 0256181853
020 ## - INTERNATIONAL STANDARD BOOK NUMBER
ISBN 9870256181850
050 00 - CALL NUMBER
Classification number TK5105.875.I57
Item number .S36
100 1# - AUTHOR
Personal name Sanford, Clive C.
245 10 - TITLE
Title Exploring the Internet /
Statement of responsibility, etc Clive C. Sanford.
260 ## - PUBLICATION INFORMATION
Place of publication Chicago :
Name of publisher Irwin,
Year of publication c1995.
300 ## - DESCRIPTION
Number of Pages xi, 335 p. :
Other physical details ill., map ;
Dimensions 28 cm.
440 #0 - SERIES
SERIES Irwin advantage series for computer education
500 ## - NOTES
General note Includes index.
505 ## - FORMATTED CONTENTS NOTE
Table of Content S.1 Introduction to the internet<br/>S.2 Signing on to the internet<br/>S.3 Electronic mail<br/>S.4 Usenet news<br/>S.5 Telnet<br/>S.6 FTP<br/>S.7 Gopher<br/>S.8 Archie, finger,wais, and the worldwide web<br/>
650 #0 - SUBJECTS
Topical Term Internet.
942 ## - ADDED ENTRY ELEMENTS (KOHA)
Koha item type Books
Holdings
Withdrawn status Lost status Collection code Home library Current library Shelving location Date acquired Full call number Accession Number Koha item type
    Reference Methodist University Library Main Methodist University Library Main General Stacks   TK5105.875.I57 .S36 8169 Books
Copyright © 2026  MUG Library